[Event "ICS rated blitz match"]
[Site "204.178.125.65"]
[Date "2000.12.28"]
[Round "?"]
[White "Hossa"]
[Black "pob"]
[Result "1-0"]
[WhiteElo "2481"]
[BlackElo "2098"]
[PlyCount "81"]
[EventDate "2000.??.??"]

1. d4 e6 2. c4 d5 3. Nc3 Nf6 4. e3 Be7 5. Nf3 O-O 6. c5 b6 7. cxb6 axb6 8. Bd2
c5 9. dxc5 bxc5 10. Bb5 Ba6 11. O-O Bxb5 12. Nxb5 Qb6 13. Qe2 Nc6 14. Bc3 Ne4
15. Rfc1 Rfb8 16. a4 f6 17. Nd2 Nxd2 18. Qxd2 Ne5 19. Qc2 Nc4 20. e4 Rd8 21.
Qe2 Na5 22. exd5 Nb3 23. d6 Bxd6 24. Qxe6+ Kh8 25. Qxb3 Bb8 26. Qc4 Qc6 27. b4
Qe8 28. Qxc5 Qg6 29. Nc7 Bxc7 30. Qxc7 Rac8 31. Qe7 Qf5 32. Be1 Re8 33. Rxc8
Qxc8 34. Qf7 Qc6 35. a5 Qe4 36. Bc3 h5 37. h3 h4 38. Qh5+ Kg8 39. Re1 Qxe1+ 40.
Bxe1 Rxe1+ 41. Kh2 {pob resigns} 1-0

[Event "ICS rated blitz match"]
[Site "204.178.125.65"]
[Date "2000.12.28"]
[Round "?"]
[White "Hossa"]
[Black "Vladman"]
[Result "1-0"]
[WhiteElo "2484"]
[BlackElo "2014"]
[PlyCount "79"]
[EventDate "2000.??.??"]

1. e4 e5 2. Nc3 Nf6 3. Nf3 Nc6 4. d4 exd4 5. Nxd4 Bc5 6. Nxc6 dxc6 7. Qxd8+
Kxd8 8. Bg5 Be7 9. O-O-O+ Ke8 10. Bc4 Be6 11. Bxe6 fxe6 12. f3 Rd8 13. Bf4 Rc8
14. Rd3 Nd7 15. Rhd1 Nc5 16. R3d2 a5 17. b3 Kf7 18. Be3 Na6 19. Bd4 Rhd8 20.
Be5 Rxd2 21. Rxd2 Nc5 22. Ne2 Bf6 23. Bf4 e5 24. Be3 Be7 25. Kb2 Ke6 26. Rd1
Nd7 27. a3 Bc5 28. Rxd7 Kxd7 29. Bxc5 b6 30. Be3 c5 31. f4 Re8 32. fxe5 Rxe5
33. Ng3 h5 34. Bf4 Re7 35. Bg5 Re6 36. Kc3 c6 37. h4 b5 38. Nxh5 Rxe4 39. g3
b4+ 40. axb4 {Vladman forfeits on time} 1-0

[Event "ICS rated blitz match"]
[Site "204.178.125.65"]
[Date "2000.12.28"]
[Round "?"]
[White "Vladman"]
[Black "Hossa"]
[Result "0-1"]
[WhiteElo "2012"]
[BlackElo "2486"]
[PlyCount "36"]
[EventDate "2000.??.??"]

1. e4 e5 2. Nf3 Nf6 3. Nxe5 Qe7 4. d4 d6 5. Nf3 Nxe4 6. Be3 d5 7. Bd3 Qb4+ 8.
Nbd2 Nxd2 9. Qxd2 Qxb2 10. O-O Bb4 11. Qe2 O-O 12. Bxh7+ Kxh7 13. Ng5+ Kg6 14.
f4 Nc6 15. f5+ Bxf5 16. Rxf5 Nxd4 17. Qd3 Nxf5 18. g4 Qxa1+ {Vladman resigns}
0-1

[Event "ICS rated standard match"]
[Site "204.178.125.65"]
[Date "2000.12.28"]
[Round "?"]
[White "Hossa"]
[Black "Satan"]
[Result "1-0"]
[WhiteElo "2294"]
[BlackElo "2080"]
[PlyCount "87"]
[EventDate "2000.??.??"]

1. e4 c5 2. Nf3 d6 3. d4 cxd4 4. Nxd4 Nf6 5. Nc3 a6 6. Be2 e5 7. Nb3 Be7 8. O-O
O-O 9. Be3 Be6 10. Nd5 Nbd7 11. Qd3 Rc8 12. Bf3 Re8 13. c3 Bf8 14. Be2 g6 15.
Bg5 h6 16. Bh4 g5 17. Bg3 Nb6 18. Nxf6+ Qxf6 19. Na5 Rc7 20. Qe3 Nd7 21. Rfd1
Rec8 22. Nxb7 Rxb7 23. Bxa6 Rcb8 24. Bxb7 Rxb7 25. Qe2 Qd8 26. b3 Qa5 27. Qc2
Rc7 28. c4 Qa8 29. f3 Be7 30. a4 Kg7 31. Ra2 Kg6 32. Bf2 f5 33. Qe2 fxe4 34.
fxe4 Nf6 35. Re1 Bc8 36. Qf3 Bb7 37. Rae2 Qa5 38. Rf1 Qa8 39. Bb6 Rc8 40. Qf5+
Kg7 41. a5 Bxe4 42. Rxe4 Qxe4 43. Qxc8 Ng4 44. Qd7 {Satan resigns} 1-0

[Event "ICS rated standard match"]
[Site "204.178.125.65"]
[Date "2000.12.28"]
[Round "?"]
[White "Satan"]
[Black "Hossa"]
[Result "1/2-1/2"]
[WhiteElo "2073"]
[BlackElo "2301"]
[PlyCount "124"]
[EventDate "2000.??.??"]

1. f4 Nf6 2. Nf3 g6 3. e3 Bg7 4. d4 O-O 5. Bd3 d5 6. c3 c5 7. O-O c4 8. Bc2 Bg4
9. Nbd2 Nc6 10. h3 Bf5 11. g4 Bxc2 12. Qxc2 Qc7 13. Ne5 Nxe5 14. fxe5 Nd7 15.
e4 f6 16. exd5 fxe5 17. Nf3 exd4 18. cxd4 Bxd4+ 19. Nxd4 Qg3+ 20. Qg2 Rxf1+ 21.
Kxf1 Rf8+ 22. Nf5 Qxg2+ 23. Kxg2 gxf5 24. Bg5 Nf6 25. Bxf6 Rxf6 26. Rc1 b5 27.
a4 fxg4 28. axb5 gxh3+ 29. Kxh3 Rf5 30. Rxc4 Rxd5 31. Rc7 Kf7 32. Rxa7 Rxb5 33.
Ra2 Rg5 34. b4 h6 35. Rb2 Rg6 36. b5 Rb6 37. Kg4 Kg6 38. Kf4 Kf6 39. Ke4 h5 40.
Rf2+ Kg6 41. Rg2+ Kh6 42. Rb2 Kg5 43. Kd5 Kh6 44. Kc5 Rb8 45. b6 h4 46. Kc6 Kg5
47. Re2 h3 48. Rxe7 Rxb6+ 49. Kxb6 Kf5 50. Kc5 Kf4 51. Kd4 Kg3 52. Ke3 Kg2 53.
Ke2 h2 54. Rg7+ Kh1 55. Rf7 Kg2 56. Rf2+ Kh3 57. Rf3+ Kg2 58. Rf2+ Kh3 59. Rf8
h1=Q 60. Rh8+ Kg2 61. Rg8+ Kh3 62. Rh8+ Kg2 {Game drawn by mutual agreement}
1/2-1/2

[Event "ICS rated blitz match"]
[Site "204.178.125.65"]
[Date "2000.12.28"]
[Round "?"]
[White "Hossa"]
[Black "cfd"]
[Result "1-0"]
[WhiteElo "2488"]
[BlackElo "2244"]
[PlyCount "65"]
[EventDate "2000.??.??"]

1. e4 d6 2. d4 e5 3. dxe5 dxe5 4. Qxd8+ Kxd8 5. Bc4 Be6 6. Bxe6 fxe6 7. Be3 Bd6
8. Nd2 Nf6 9. O-O-O Nc6 10. f3 Ke7 11. Nh3 h6 12. Nf2 Rhd8 13. Kb1 a6 14. Nd3
Rd7 15. Nb3 Rad8 16. Rd2 Kf7 17. Rhd1 b6 18. c4 Bb4 19. Nxb4 Nxb4 20. c5 b5 21.
Rxd7+ Rxd7 22. Rxd7+ Nxd7 23. Nc1 Nc6 24. Nd3 g5 25. Kc2 Kg6 26. Kc3 h5 27. b3
Ndb8 28. a4 Nd7 29. Nb4 Nxb4 30. Kxb4 c6 31. Ka5 bxa4 32. bxa4 g4 33. Kxa6 {
cfd resigns} 1-0

[Event "ICS rated blitz match"]
[Site "204.178.125.65"]
[Date "2000.12.29"]
[Round "?"]
[White "Hossa"]
[Black "Macaebos"]
[Result "1-0"]
[WhiteElo "2494"]
[BlackElo "2101"]
[PlyCount "103"]
[EventDate "2000.??.??"]

1. e4 e6 2. d4 d5 3. Nc3 Nf6 4. Bd3 Be7 5. e5 Nfd7 6. Qg4 g6 7. Nf3 c5 8. dxc5
Nxc5 9. Bb5+ Bd7 10. O-O Bxb5 11. Nxb5 a6 12. Nc3 Nc6 13. Bh6 Qc7 14. Qf4 Nd7
15. Bg7 Rg8 16. Qh6 Bf8 17. Bxf8 Rxf8 18. Qxh7 Ncxe5 19. Nxe5 Qxe5 20. Rfe1 Qh5
21. Qxh5 gxh5 22. Nxd5 O-O-O 23. Nf4 Nf6 24. Rad1 Kc7 25. Rxd8 Rxd8 26. Nd3 Rd4
27. f3 Rc4 28. c3 Nd7 29. Ne5 Nxe5 30. Rxe5 Ra4 31. a3 Kd7 32. Rxh5 Rc4 33. Kf2
Rc6 34. Rh4 Ke7 35. Rb4 b5 36. h4 Rd6 37. Rd4 Rc6 38. a4 Rc5 39. g4 a5 40. axb5
Rxb5 41. Rd2 a4 42. Kg3 Ra5 43. h5 a3 44. bxa3 Rxa3 45. h6 Kf6 46. Rh2 Ra8 47.
Kf4 Kg6 48. c4 Kh7 49. Kg5 Rc8 50. Rc2 Rc5+ 51. Kf6 Kxh6 52. Rh2+ {
Macaebos forfeits on time} 1-0

[Event "ICS rated blitz match"]
[Site "204.178.125.65"]
[Date "2000.12.29"]
[Round "?"]
[White "AlexTheFat"]
[Black "Hossa"]
[Result "0-1"]
[WhiteElo "2023"]
[BlackElo "2497"]
[PlyCount "64"]
[EventDate "2000.??.??"]

1. e4 e5 2. f4 exf4 3. Nf3 h6 4. Bc4 c6 5. O-O d5 6. exd5 cxd5 7. Bb5+ Nc6 8.
d4 Bd6 9. Re1+ Nge7 10. Ne5 Qb6 11. Bxc6+ bxc6 12. c3 O-O 13. Qc2 c5 14. dxc5
Bxc5+ 15. Kh1 Bf5 16. Qe2 Rae8 17. Bxf4 Ng6 18. Qd2 Nxf4 19. Qxf4 Qxb2 20. Nd2
Qxc3 21. Qxf5 Qxd2 22. Rad1 Qf2 23. Qxf2 Bxf2 24. Re2 f6 25. Rxf2 fxe5 26. Rb2
d4 27. h3 Rf7 28. Re2 Rd7 29. Re4 Rd5 30. Kg1 Rf8 31. Rde1 d3 32. Rxe5 d2 {
AlexTheFat resigns} 0-1

[Event "ICS rated blitz match"]
[Site "204.178.125.65"]
[Date "2000.12.29"]
[Round "?"]
[White "kjell"]
[Black "Hossa"]
[Result "0-1"]
[WhiteElo "1910"]
[BlackElo "2499"]
[PlyCount "68"]
[EventDate "2000.??.??"]

1. Nf3 Nf6 2. Nc3 d5 3. d4 Bf5 4. Bf4 Nh5 5. Bg3 Nxg3 6. hxg3 Nc6 7. e3 Nb4 8.
Bd3 Nxd3+ 9. cxd3 c6 10. Nh4 Bd7 11. f4 Qb6 12. Qc2 g6 13. Nf3 Bg7 14. Ng5 h6
15. Nf3 Bf5 16. Ne5 h5 17. e4 Bxe5 18. dxe5 Qe3+ 19. Ne2 dxe4 20. d4 Bg4 21.
Rd1 Bxe2 22. Qxe2 Qxg3+ 23. Qf2 Qxf2+ 24. Kxf2 f5 25. exf6 exf6 26. Ke3 f5 27.
g4 fxg4 28. Kxe4 Kf7 29. f5 Rae8+ 30. Kf4 Re2 31. fxg6+ Kxg6 32. Rb1 Rf8+ 33.
Kg3 Rf3+ 34. Kh4 Ree3 {kjell resigns} 0-1

[Event "ICS rated blitz match"]
[Site "204.178.125.65"]
[Date "2000.12.29"]
[Round "?"]
[White "Hossa"]
[Black "BalBoA"]
[Result "1-0"]
[WhiteElo "2500"]
[BlackElo "2276"]
[PlyCount "49"]
[EventDate "2000.??.??"]

1. d4 Nf6 2. c4 e6 3. Nf3 Bb4+ 4. Nbd2 O-O 5. e3 b6 6. a3 Bxd2+ 7. Bxd2 Bb7 8.
Bd3 d5 9. cxd5 exd5 10. Bb4 Re8 11. Rc1 Nbd7 12. a4 c5 13. dxc5 bxc5 14. Bxc5
Nxc5 15. Rxc5 d4 16. Nxd4 Bxg2 17. Rg1 Be4 18. Bb5 Re7 19. Nf5 Qxd1+ 20. Kxd1
Rd8+ 21. Ke2 Bxf5 22. Rxf5 Rc7 23. Rxf6 Rc2+ 24. Kf3 Rdd2 25. Rg2 {
BalBoA resigns} 1-0

[Event "ICS rated blitz match"]
[Site "204.178.125.65"]
[Date "2000.12.29"]
[Round "?"]
[White "sparwasser"]
[Black "Hossa"]
[Result "0-1"]
[WhiteElo "2102"]
[BlackElo "2507"]
[PlyCount "82"]
[EventDate "2000.??.??"]

1. d4 Nf6 2. Nf3 g6 3. c4 Bg7 4. Nc3 O-O 5. e3 c6 6. Be2 d5 7. cxd5 cxd5 8. O-O
Nc6 9. b3 Bf5 10. a3 Rc8 11. Bb2 Na5 12. Rc1 Qd6 13. h3 Ne4 14. Nb5 Qb6 15. g4
Rxc1 16. Bxc1 Bd7 17. a4 a6 18. b4 Nc6 19. a5 Qd8 20. Na3 Nxb4 21. Nd2 Nc3 22.
Qe1 Qxa5 23. Ndb1 Nxe2+ 24. Qxe2 Qc7 25. Bd2 Nc6 26. Rc1 Ra8 27. Nc3 Be6 28. f4
b6 29. f5 gxf5 30. gxf5 Qg3+ 31. Qg2 Qxg2+ 32. Kxg2 Bxf5 33. Nxd5 Be4+ 34. Kf2
Bxd5 35. Ke2 b5 36. Kd3 f5 37. Rc5 Be4+ 38. Ke2 f4 39. Re5 f3+ 40. Kf2 Nxe5 41.
dxe5 Bxe5 {sparwasser resigns} 0-1

[Event "ICS rated blitz match"]
[Site "204.178.125.65"]
[Date "2000.12.29"]
[Round "?"]
[White "Hossa"]
[Black "PostModernist"]
[Result "1/2-1/2"]
[WhiteElo "2510"]
[BlackElo "2533"]
[PlyCount "262"]
[EventDate "2000.??.??"]

1. e4 e6 2. d4 d5 3. Nc3 dxe4 4. Nxe4 c5 5. dxc5 Qxd1+ 6. Kxd1 Nf6 7. Nxf6+
gxf6 8. Be3 Nc6 9. Nf3 Bd7 10. h4 e5 11. Kc1 f5 12. g3 f4 13. gxf4 exf4 14.
Bxf4 Bxc5 15. Bg3 O-O-O 16. Ng5 Be6 17. Nxe6 fxe6 18. Bc4 e5 19. Re1 Rhf8 20.
Re2 Kc7 21. c3 a5 22. Bxe5+ Nxe5 23. Rxe5 Kc6 24. Re6+ Rd6 25. Rxd6+ Kxd6 26.
Kd2 Rf4 27. Be2 Rxh4 28. Rf1 Ke5 29. Bf3 b6 30. a3 Kf4 31. Bb7 Rh2 32. Ke2 h5
33. Bd5 Ke5 34. Bb7 a4 35. Kf3 Rh4 36. Re1+ Kf5 37. Bc8+ Kg5 38. Rg1+ Kf6 39.
Rd1 Kf7 40. Bd7 Ke7 41. Bc6 Kf6 42. Bb5 Rh2 43. Rf1 Rh3+ 44. Ke2 Rh4 45. Bc6
Rc4 46. Kd3 Rf4 47. f3 h4 48. Rh1 Kf5 49. Be4+ Kg5 50. Rh2 Kh5 51. Kc4 Rf7 52.
Rg2 Rc7 53. Kb5 Ra7 54. Bg6+ Kh6 55. Bc2 Kh5 56. f4 Be3 57. Bd1+ Kh6 58. Rh2
Bxf4 59. Rxh4+ Kg5 60. Rg4+ Kf5 61. Kxb6 Rd7 62. Rg1 Rd2 63. Kb5 Rxb2+ 64. Kxa4
Ke4 65. Bb3 Kd3 66. Rf1 Bd6 67. Rf3+ Ke4 68. Rf7 Be5 69. c4 Kd4 70. Rd7+ Kc3
71. Rh7 Rf2 72. Rh3+ Kb2 73. Bd1 Bd6 74. Rd3 Bc5 75. Rb3+ Ka2 76. Rc3 Kb2 77.
Rg3 Rf7 78. Bg4 Bd6 79. Rd3 Ra7+ 80. Kb5 Bxa3 81. Kb6 Ra4 82. Be6 Rb4+ 83. Kc6
Ra4 84. Bd5 Ra5 85. Kb6 Bb4 86. Rg3 Kc2 87. Rg4 Kc3 88. Kb7 Bc5 89. Kc6 Kd3 90.
Rh4 Kc3 91. Be6 Bd4 92. Rh3+ Kb4 93. Kd7 Ra7+ 94. Ke8 Bc5 95. Bd5 Re7+ 96. Kd8
Bd6 97. Rh1 Kc3 98. Rh6 Bc5 99. Rc6 Bb4 100. Kc8 Rh7 101. Rg6 Bc5 102. Rg3+ Kd4
103. Rg1 Re7 104. Kd8 Kc3 105. Rd1 Kb2 106. Rd3 Rg7 107. Kc8 Bb6 108. Kb8 Ba7+
109. Ka8 Bc5 110. Rf3 Ra7+ 111. Kb8 Re7 112. Kc8 Kc2 113. Rh3 Bd6 114. Kd8 Kd2
115. Rb3 Rc7 116. Rb6 Bf4 117. Rb1 Kc3 118. Rf1 Be5 119. Ke8 Bd6 120. Rf6 Be5
121. Re6 Bd4 122. Re1 Bc5 123. Kd8 Ra7 124. Rc1+ Kb2 125. Rh1 Bb6+ 126. Ke8 Bc5
127. Rh3 Bd6 128. Rd3 Rh7 129. Rd2+ Kc3 130. Rd1 Re7+ 131. Kf8 Be5 {
Game drawn by the 50 move rule} 1/2-1/2

[Event "ICS rated standard match"]
[Site "204.178.125.65"]
[Date "2000.12.29"]
[Round "?"]
[White "Hossa"]
[Black "BrazilianMaster"]
[Result "0-1"]
[WhiteElo "2292"]
[BlackElo "2561"]
[PlyCount "170"]
[EventDate "2000.??.??"]

1. d4 e6 2. c4 Bb4+ 3. Bd2 Bxd2+ 4. Nxd2 d5 5. e3 Nf6 6. Bd3 O-O 7. Ngf3 b6 8.
O-O Bb7 9. cxd5 Qxd5 10. Qc2 c5 11. e4 Qh5 12. e5 Nfd7 13. Be4 Nc6 14. dxc5
Rac8 15. Nb3 bxc5 16. Nxc5 Ncxe5 17. Bxb7 Rxc5 18. Qd2 Rb5 19. Bc6 Rb6 20. Bxd7
Qxf3 21. Ba4 Qd3 22. Rfd1 Qxd2 23. Rxd2 Nc4 24. Rd7 Rxb2 25. Rxa7 h6 26. Rc7
Na3 27. g3 Ra8 28. Bc6 Rd8 29. Rb7 Rxb7 30. Bxb7 Rb8 31. Be4 Rb2 32. g4 g6 33.
Kg2 f5 34. gxf5 gxf5 35. Bd3 Kf7 36. Kg3 Kf6 37. h4 e5 38. Rc1 e4 39. Ba6 Nc2
40. a4 Ke5 41. a5 f4+ 42. Kg4 Nb4 43. Rc5+ Kd4 44. Rb5 e3 45. fxe3+ fxe3 46.
Rb6 h5+ 47. Kg3 Kc3 48. Re6 Nxa6 49. Rxa6 Kd2 50. Rd6+ Ke1 51. Rb6 Rxb6 52.
axb6 Kf1 53. b7 e2 54. b8=Q e1=Q+ 55. Kf4 Qxh4+ 56. Ke3 Qf2+ 57. Ke4 Qc2+ 58.
Kd4 h4 59. Qb7 Kg1 60. Qg7+ Qg2 61. Qe7 Qg4+ 62. Kc3 Kg2 63. Kd2 h3 64. Qb7+
Kg3 65. Qb3+ Qf3 66. Qg8+ Kf2 67. Qh7 Kg1 68. Kc1 Qf1+ 69. Kc2 h2 70. Kb3 h1=Q
71. Qa7+ Qf2 72. Qg7+ Qhg2 73. Qa1+ Kh2 74. Qh8+ Qh3+ 75. Qxh3+ Kxh3 76. Kc4
Kg3 77. Kd5 Kf4 78. Kd6 Qd4+ 79. Kc7 Ke5 80. Kc6 Qa4+ 81. Kc5 Ke6 82. Kb6 Kd6
83. Kb7 Qb3+ 84. Kc8 Qb2 85. Kd8 Qh8# {Hossa checkmated} 0-1

[Event "ICS rated standard match"]
[Site "204.178.125.65"]
[Date "2000.12.29"]
[Round "?"]
[White "Hossa"]
[Black "PIETRO-TARICONE"]
[Result "1/2-1/2"]
[WhiteElo "2286"]
[BlackElo "2439"]
[PlyCount "199"]
[EventDate "2000.??.??"]

1. d4 d5 2. c4 dxc4 3. e3 Nf6 4. Nc3 a6 5. Bxc4 e6 6. Nf3 c5 7. O-O b5 8. Be2
Bb7 9. Ne5 Bd6 10. Bf3 Qc7 11. Bxb7 Qxb7 12. Qf3 Qxf3 13. Nxf3 Nbd7 14. dxc5
Nxc5 15. Rd1 Ke7 16. b3 b4 17. Ne2 Nce4 18. Bb2 Ng4 19. Rf1 Rhc8 20. Bxg7 Rc2
21. Ned4 Rxf2 22. Nc6+ Ke8 23. Rxf2 Ngxf2 24. Be5 Bf8 25. Rc1 Nd3 26. Rc4 Nxe5
27. Ncxe5 Nd6 28. Rxb4 f6 29. Nc6 Rc8 30. Rb8 Kd7 31. Rxc8 Nxc8 32. Nfd4 Bd6
33. Na5 Ne7 34. Nc4 Bc5 35. Ne2 Nc6 36. Kf2 Nb4 37. Nc3 f5 38. Ke2 h5 39. a3
Nd5 40. Kd3 Nxc3 41. Kxc3 Kc6 42. Kd3 Kd5 43. Ke2 Be7 44. Kf3 e5 45. g3 Bc5 46.
h3 a5 47. Nxa5 Bxa3 48. Nc4 Bc5 49. Nb2 Bb4 50. Na4 Be1 51. Nb6+ Kc6 52. Nc4
Kd5 53. Na3 Bb4 54. Nc2 Ba5 55. h4 Bd2 56. Ke2 Ba5 57. Ne1 Bb4 58. Nf3 Bc5 59.
Ng5 Bd6 60. Kf2 Bf8 61. Kg2 Bc5 62. Kf3 Bd6 63. Nf7 Bf8 64. Nd8 Be7 65. Nb7 Bb4
66. Kg2 Ke4 67. Kf2 Be7 68. Ke2 f4 69. exf4 exf4 70. Kf2 f3 71. Na5 Bc5+ 72.
Kf1 Kf5 73. Nc4 Kg4 74. Nd2 Bb6 75. Ne4 Kh3 76. b4 Kh2 77. b5 Bd4 78. Nd6 Kh3
79. Nc4 Kxg3 80. b6 Bxb6 81. Nxb6 Kxh4 82. Kf2 Kg4 83. Nc4 h4 84. Ne5+ Kf4 85.
Nxf3 Ke4 86. Kg2 Kd5 87. Kh3 Kc4 88. Ng5 Kb5 89. Ne6 Kc6 90. Nf4 Kb5 91. Nd5
Kc5 92. Nf6 Kd6 93. Ng4 Kd5 94. Nf2 Kd4 95. Nd1 Kd3 96. Kg2 Kd2 97. Nf2 h3+ 98.
Kf3 h2 99. Kg2 h1=R 100. Nxh1 {
Game drawn because neither player has mating material} 1/2-1/2

[Event "ICS rated blitz match"]
[Site "204.178.125.65"]
[Date "2000.12.29"]
[Round "?"]
[White "BalBoA"]
[Black "Hossa"]
[Result "0-1"]
[WhiteElo "2284"]
[BlackElo "2511"]
[PlyCount "30"]
[EventDate "2000.??.??"]

1. d4 Nf6 2. c4 c5 3. d5 g6 4. Nc3 Bg7 5. e4 d6 6. f3 O-O 7. Be3 Na6 8. Qd2 e6
9. Bd3 Nb4 10. Bb1 exd5 11. exd5 Nd7 12. Nge2 Qh4+ 13. Ng3 Qxc4 14. a3 Bxc3 15.
bxc3 Nxd5 {BalBoA resigns} 0-1

[Event "ICS rated standard match"]
[Site "204.178.125.65"]
[Date "2000.12.29"]
[Round "?"]
[White "gcosta"]
[Black "Hossa"]
[Result "0-1"]
[WhiteElo "2106"]
[BlackElo "2293"]
[PlyCount "21"]
[EventDate "2000.??.??"]

1. d4 d5 2. Nf3 Nf6 3. Bg5 Ne4 4. Bf4 c5 5. dxc5 e6 6. e3 Nc6 7. Be2 Qf6 8. c3
g5 9. Bg3 Bxc5 10. Nbd2 Nxg3 11. fxg3 {gcosta resigns} 0-1

[Event "ICS rated standard match"]
[Site "204.178.125.65"]
[Date "2000.12.29"]
[Round "?"]
[White "Hossa"]
[Black "BrazilianMaster"]
[Result "0-1"]
[WhiteElo "2301"]
[BlackElo "2573"]
[PlyCount "192"]
[EventDate "2000.??.??"]

1. e4 c6 2. d4 d5 3. Nc3 dxe4 4. Nxe4 Nd7 5. Nf3 Ngf6 6. Bd3 Nxe4 7. Bxe4 Nf6
8. Bd3 Bg4 9. Be3 Qb6 10. O-O e6 11. b3 Qc7 12. h3 Bh5 13. Qe2 Bb4 14. c4 Qe7
15. Rab1 O-O 16. Bc2 Rad8 17. g4 Bg6 18. Bxg6 fxg6 19. Bc1 Qd6 20. Ng5 Rde8 21.
Rd1 e5 22. d5 cxd5 23. cxd5 Bc5 24. Ne6 Ne4 25. Nxf8 Nxf2 26. Rf1 e4 27. Kg2
Rxf8 28. Be3 Bxe3 29. Qxe3 Rf3 30. Qxf3 exf3+ 31. Kxf2 Qh2+ 32. Kxf3 Qxh3+ 33.
Kf4 Qh2+ 34. Kf3 g5 35. Rbc1 Qf4+ 36. Ke2 Qe5+ 37. Kf2 Qxd5 38. Rc8+ Kf7 39.
Kg3+ Kg6 40. Rcf8 Qd3+ 41. R8f3 Qd6+ 42. Kg2 Qe6 43. Kg3 b6 44. R3f2 a6 45. Rg1
Qe3+ 46. Kg2 Qe4+ 47. Kh3 h5 48. gxh5+ Kxh5 49. Kh2 g4 50. Rg3 Qd4 51. Rfg2 g5
52. a3 Qd6 53. b4 Kh4 54. Rg1 Qf4 55. R1g2 Qd4 56. Rg1 Qe5 57. R1g2 a5 58. bxa5
bxa5 59. Rg1 Qf4 60. R1g2 Qd6 61. Rg1 a4 62. R1g2 Qf4 63. Rg1 Qd2+ 64. Kh1 Qd7
65. R1g2 Qe6 66. Kh2 Qe4 67. Rc3 Qf4+ 68. Rgg3 Qd2+ 69. Kg1 Qd1+ 70. Kf2 Qd4+
71. Rce3 Qd2+ 72. Kg1 Qb2 73. Rc3 Qb1+ 74. Kh2 Qe1 75. Rcd3 Qe2+ 76. Kg1 Kh5
77. Rd4 Qe6 78. Rb4 Qe1+ 79. Kg2 Qe2+ 80. Kg1 Kh4 81. Rg2 Qd1+ 82. Kh2 Qd6+ 83.
Kh1 Kh3 84. Rbb2 g3 85. Rbd2 Qe7 86. Rh2+ gxh2 87. Rd3+ Kh4 88. Rh3+ Kg4 89.
Rg3+ Kf4 90. Kxh2 g4 91. Rg2 Qe1 92. Rg3 Qxg3+ 93. Kh1 Qe1+ 94. Kh2 g3+ 95. Kg2
Qf2+ 96. Kh1 Qh2# {Hossa checkmated} 0-1

[Event "ICS rated standard match"]
[Site "204.178.125.65"]
[Date "2000.12.29"]
[Round "?"]
[White "BrazilianMaster"]
[Black "Hossa"]
[Result "1-0"]
[WhiteElo "2579"]
[BlackElo "2295"]
[PlyCount "119"]
[EventDate "2000.??.??"]

1. c4 e5 2. Nc3 Nf6 3. Nf3 Nc6 4. a3 g6 5. e3 d6 6. d4 Bf5 7. Qb3 Rb8 8. h3 Bg7
9. d5 Ne7 10. Qa4+ c6 11. c5 b5 12. cxb6 Qxb6 13. dxc6 Nxc6 14. e4 Bd7 15. Bb5
Nd4 16. Bxd7+ Nxd7 17. Nxd4 exd4 18. Nd5 Qb7 19. Bf4 Be5 20. Bxe5 dxe5 21. Rc1
a6 22. Nf6+ Ke7 23. Rc7 Qb5 24. Qxb5 axb5 25. Nxd7 Rbc8 26. Rb7 Rc1+ 27. Kd2
Rxh1 28. Nxe5+ Kf6 29. f4 Rg1 30. Nxf7 Rxg2+ 31. Kd3 Rc8 32. Ng5 Rg3+ 33. Ke2
d3+ 34. Kf2 Rxg5 35. fxg5+ Kxg5 36. Ke3 h6 37. Rxb5+ Kh4 38. Kxd3 Kxh3 39. Rb6
Rg8 40. e5 Kg4 41. Rf6 Kg5 42. Rf7 Rd8+ 43. Ke4 Rd2 44. e6 Kg4 45. e7 Re2+ 46.
Kd5 Kg5 47. Kc6 h5 48. Kd7 Rd2+ 49. Ke8 Rxb2 50. Kf8 Rb8+ 51. e8=Q Rxe8+ 52.
Kxe8 Kh6 53. a4 h4 54. a5 g5 55. a6 g4 56. a7 g3 57. a8=Q g2 58. Qxg2 h3 59.
Qg8 Kh5 60. Rh7# {Hossa checkmated} 1-0

[Event "ICS rated blitz match"]
[Site "204.178.125.65"]
[Date "2000.12.29"]
[Round "?"]
[White "Hossa"]
[Black "sharkmeister"]
[Result "1-0"]
[WhiteElo "2518"]
[BlackElo "1926"]
[PlyCount "35"]
[EventDate "2000.??.??"]

1. c4 c5 2. Nf3 Nc6 3. g3 g6 4. d3 Bg7 5. Nc3 e5 6. Bg2 Nge7 7. Ne4 d6 8. Bg5
O-O 9. Nf6+ Kh8 10. h4 h5 11. Qa4 Be6 12. O-O-O a6 13. Kb1 Qc8 14. Qc2 Rb8 15.
Qc1 b5 16. Ne4 Qc7 17. Bf6 bxc4 18. Qh6+ {sharkmeister resigns} 1-0

[Event "ICS rated blitz match"]
[Site "204.178.125.65"]
[Date "2000.12.29"]
[Round "?"]
[White "sharkmeister"]
[Black "Hossa"]
[Result "0-1"]
[WhiteElo "1925"]
[BlackElo "2519"]
[PlyCount "98"]
[EventDate "2000.??.??"]

1. e4 e5 2. Nf3 Nf6 3. Nc3 Bb4 4. Bc4 d6 5. O-O Bxc3 6. dxc3 Bg4 7. Re1 O-O 8.
h3 Be6 9. Bb3 Nbd7 10. Bg5 Nc5 11. Qe2 Qe7 12. Rad1 Bxb3 13. axb3 Ne6 14. Bxf6
Qxf6 15. Nh2 Nf4 16. Qf3 Qg6 17. Qg4 Qxg4 18. hxg4 h6 19. g3 Ne6 20. Kg2 Kh7
21. Nf1 Rh8 22. f3 Kg6 23. Ne3 f6 24. Rh1 Kf7 25. Nf5 Rae8 26. Rh2 Rb8 27. Ra1
a6 28. Rah1 Ra8 29. Ne3 Ng5 30. Nd5 c6 31. Nb6 Rad8 32. Rd1 Ne6 33. Rhh1 g6 34.
Rd2 Ke7 35. Rhd1 Nc7 36. Nc4 d5 37. Na5 dxe4 38. fxe4 Rxd2+ 39. Rxd2 Rb8 40.
Kf3 Ne6 41. Ke3 Ng5 42. Rh2 Nf7 43. Rd2 Nd6 44. Nc4 Nxc4+ 45. bxc4 Rd8 46. Rxd8
Kxd8 47. b4 b6 48. Kd3 c5 49. Ke3 a5 {sharkmeister forfeits on time} 0-1

[Event "ICS rated blitz match"]
[Site "204.178.125.65"]
[Date "2000.12.29"]
[Round "?"]
[White "Hossa"]
[Black "sharkmeister"]
[Result "1-0"]
[WhiteElo "2520"]
[BlackElo "1924"]
[PlyCount "101"]
[EventDate "2000.??.??"]

1. e4 c5 2. Nf3 d6 3. d4 cxd4 4. Nxd4 Nf6 5. Nc3 a6 6. Be2 e6 7. O-O Be7 8. Be3
Qc7 9. Bd3 Nbd7 10. Nf3 O-O 11. Bd4 b5 12. Qd2 Bb7 13. Qg5 h6 14. Qh4 Rfe8 15.
Bxf6 Bxf6 16. Qg3 Ne5 17. Nd4 Rad8 18. Nce2 Nxd3 19. cxd3 Qb8 20. Rac1 d5 21.
Qe3 dxe4 22. dxe4 Be5 23. f4 Bf6 24. e5 Be7 25. Nc6 Bxc6 26. Rxc6 Rd5 27. Nc3
Rd7 28. Ne4 Red8 29. Rxa6 Rd3 30. Qb6 Qxb6+ 31. Rxb6 Re3 32. Nd6 Re2 33. Rb1 b4
34. Rxb4 Bxd6 35. exd6 Rxd6 36. g4 Rdd2 37. Rb8+ Kh7 38. Rb7 Kg6 39. f5+ exf5
40. gxf5+ Kf6 41. Rb6+ Kxf5 42. Rf1+ Kg5 43. Rxf7 g6 44. h3 Rg2+ 45. Kf1 Rh2
46. Rb5+ Kh4 47. Rb4+ Kg5 48. Rg4+ Kh5 49. Kg1 Rhe2 50. b4 g5 51. a4 {
sharkmeister forfeits on time} 1-0

[Event "ICS rated blitz match"]
[Site "204.178.125.65"]
[Date "2000.12.29"]
[Round "?"]
[White "sharkmeister"]
[Black "Hossa"]
[Result "0-1"]
[WhiteElo "1923"]
[BlackElo "2521"]
[PlyCount "104"]
[EventDate "2000.??.??"]

1. e4 e5 2. Nf3 Nf6 3. Nc3 Bb4 4. Bc4 d6 5. O-O Bxc3 6. dxc3 Bg4 7. Re1 O-O 8.
h3 Be6 9. Bb3 Nbd7 10. Bg5 Nc5 11. Qe2 Qe7 12. Rad1 Bxb3 13. axb3 Ne6 14. Bxf6
Qxf6 15. Nh2 Qg6 16. Qg4 Qxg4 17. hxg4 h6 18. f3 g6 19. Nf1 Rab8 20. Ne3 f6 21.
Ra1 a6 22. b4 Kf7 23. Ra5 Ra8 24. Rea1 c6 25. Nc4 Rad8 26. Nb6 Nc7 27. Rd1 Ke6
28. Rd3 d5 29. exd5+ cxd5 30. Rc5 Rf7 31. Na4 Rd6 32. Ra5 b6 33. Nc5+ bxc5 34.
bxc5 Rc6 35. b4 Rf8 36. Rd1 Ra8 37. Kf2 Ke7 38. Rh1 Rh8 39. Rha1 Kf7 40. Rd1
Rc8 41. Rh1 Kg7 42. Rha1 Rb8 43. Rd1 Rg8 44. Rda1 f5 45. gxf5 gxf5 46. Re1 Rg6
47. Rxe5 Kf6 48. Re3 Rxg2+ 49. Ke1 Rxc2 50. Kf1 f4 51. Rd3 Rc1+ 52. Ke2 Rg2# {
sharkmeister checkmated} 0-1

[Event "ICS rated blitz match"]
[Site "204.178.125.65"]
[Date "2000.12.29"]
[Round "?"]
[White "Hossa"]
[Black "sharkmeister"]
[Result "1-0"]
[WhiteElo "2522"]
[BlackElo "1922"]
[PlyCount "75"]
[EventDate "2000.??.??"]

1. d4 Nf6 2. Nf3 d5 3. c4 c6 4. Nc3 dxc4 5. a4 Bf5 6. Ne5 e6 7. f3 Bd6 8. e4
Bg6 9. Nxg6 hxg6 10. e5 Bb4 11. exf6 Qxf6 12. Bxc4 Bd6 13. Ne4 Qh4+ 14. g3 Qd8
15. Nxd6+ Qxd6 16. O-O Nd7 17. Bf4 Qe7 18. Qe2 Kf8 19. h4 Rd8 20. Rfe1 Nf6 21.
Qd2 Rd7 22. Bb8 a6 23. Be5 Qd8 24. b4 Rh5 25. b5 axb5 26. axb5 Nd5 27. Qa5 f6
28. bxc6 bxc6 29. Qxd8+ Rxd8 30. Bxd5 Rxd5 31. Bf4 Rxd4 32. Rxe6 Rd7 33. Rxc6
Rb5 34. Rd6 Rbb7 35. Rxd7 Rxd7 36. Be3 Kf7 37. Ra7 Rb7 38. Rxb7+ {
sharkmeister resigns} 1-0